|
|
|
|
| LEADER |
00847naa a2200265 i 4500 |
| 001 |
publ20670 |
| 005 |
20210130131825.0 |
| 008 |
210130s2020 hu o 0|| zxx d |
| 020 |
|
|
|a 9789636978433
|
| 024 |
7 |
|
|a 31833511
|2 mtmt
|
| 040 |
|
|
|a SZTE Publicatio Repozitórium
|b hun
|
| 041 |
|
|
|a zxx
|
| 100 |
1 |
|
|a Csiszár Imre
|
| 245 |
1 |
0 |
|a Kísérletezős foglalkozások - kezdő szint
|h [elektronikus dokumentum] /
|c Csiszár Imre
|
| 260 |
|
|
|a Mozaik Kiadó
|b Szeged
|c 2020
|
| 300 |
|
|
|a 66
|
| 300 |
|
|
|a 55-120
|
| 490 |
0 |
|
|a Kisiskoláskor
|
| 700 |
0 |
1 |
|a Molnár Milán
|e aut
|
| 700 |
0 |
1 |
|a Papp Katalin
|e aut
|
| 700 |
0 |
1 |
|a Sós Katalin
|e aut
|
| 700 |
0 |
1 |
|a Nagy Anett
|e aut
|
| 700 |
0 |
2 |
|a Z. Orosz Gábor
|e aut
|
| 700 |
0 |
2 |
|a Korom Erzsébet
|e aut
|
| 856 |
4 |
0 |
|u http://publicatio.bibl.u-szeged.hu/20670/1/MS-9401_MTA_Kisiskolaskor_online_03.pdf
|z Dokumentum-elérés
|